00489 2200193 4500001002100000005001500021008004100036020001800077035001900095041000700114082000800121090001400129100002000143245003900163260002600202300002800228500001100256650002800267INLIS00000000000429020241224112901241224||||||||| | ||| |||| || |  a979-24-5610-4 0010-1224004290 aid0 a925 a925 KUR i0 aIrwan Kurniawan00aWright Bersaudara dan Isaac Newton aBandungbJembarc2006 a44 hlm. : ilus. ; 21 cm aCet. 1 0aIlmu Sejarah & Biografi